|
|
|
|
| LEADER |
02109nam a22003973i 4500 |
| 001 |
EBC6533755 |
| 003 |
MiAaPQ |
| 005 |
20231204023216.0 |
| 006 |
m o d | |
| 007 |
cr cnu|||||||| |
| 008 |
231204s1980 xx o ||||0 eng d |
| 020 |
|
|
|a 9780472901333
|q (electronic bk.)
|
| 020 |
|
|
|z 9780892640393
|
| 035 |
|
|
|a (MiAaPQ)EBC6533755
|
| 035 |
|
|
|a (Au-PeEL)EBL6533755
|
| 035 |
|
|
|a (OCoLC)1291316449
|
| 040 |
|
|
|a MiAaPQ
|b eng
|e rda
|e pn
|c MiAaPQ
|d MiAaPQ
|
| 050 |
|
4 |
|a NX583
|
| 100 |
1 |
|
|a McDougall, Bonnie.
|
| 245 |
1 |
0 |
|a Mao Zedong's Talks at the Yan'an Conference on Literature and Art :
|b A Translation of the 1943 Text with Commentary.
|
| 250 |
|
|
|a 1st ed.
|
| 264 |
|
1 |
|a Ann Arbor :
|b Center for Chinese Studies Publications,
|c 1980.
|
| 264 |
|
4 |
|c Ã1980.
|
| 300 |
|
|
|a 1 online resource (129 pages)
|
| 336 |
|
|
|a text
|b txt
|2 rdacontent
|
| 337 |
|
|
|a computer
|b c
|2 rdamedia
|
| 338 |
|
|
|a online resource
|b cr
|2 rdacarrier
|
| 490 |
1 |
|
|a Michigan Monographs in Chinese Studies ;
|v v.39
|
| 505 |
0 |
|
|a Cover -- Title -- Copyright -- Dedication -- Contents -- Note on Romanization -- Acknowledgments -- Introduction: The Yan'an "Talks" as Literary Theory -- Notes to the Introduction -- Talks at the Yan'an Conference on Literature and Art -- Appendix 1: Major Changes from the 1943/1944 Text to the 1953/1966 Text -- Appendix 2: Some Major Editions of the "Talks -- Appendix 3: Translations of the "Talks.
|
| 588 |
|
|
|a Description based on publisher supplied metadata and other sources.
|
| 590 |
|
|
|a Electronic reproduction. Ann Arbor, Michigan : ProQuest Ebook Central, 2023. Available via World Wide Web. Access may be limited to ProQuest Ebook Central affiliated libraries.
|
| 655 |
|
4 |
|a Electronic books.
|
| 776 |
0 |
8 |
|i Print version:
|a McDougall, Bonnie
|t Mao Zedong's Talks at the Yan'an Conference on Literature and Art
|d Ann Arbor : Center for Chinese Studies Publications,c1980
|z 9780892640393
|
| 797 |
2 |
|
|a ProQuest (Firm)
|
| 830 |
|
0 |
|a Michigan Monographs in Chinese Studies
|
| 856 |
4 |
0 |
|u https://ebookcentral.proquest.com/lib/matrademy/detail.action?docID=6533755
|z Click to View
|